|
|
|
|
| LEADER |
01122cam a2200289 a 4500 |
| 001 |
13000978 |
| 003 |
GR-PaULI |
| 005 |
20211012122530.0 |
| 008 |
021113s2003 enk b 001 0 eng |
| 952 |
|
|
|0 0
|1 0
|2 ddc
|4 0
|6 Π_Σ_801_950000000000000_HAM
|7 0
|9 233507
|a LISP
|b LISP
|c REF
|d 2019-07-02
|i 12714
|l 0
|o Π/Σ 801.95 HAM
|p 025000263936
|r 2019-07-02 00:00:00
|t 1
|v 2019.00
|w 2019-07-02
|y BKN
|
| 999 |
|
|
|c 141693
|d 141693
|
| 010 |
|
|
|a 2002153831
|
| 020 |
|
|
|a 0415290090
|q (σκληρό εξώφυλλο)
|
| 020 |
|
|
|a 0415290104
|q (χαρτόδετο)
|
| 040 |
|
|
|a DLC
|c GR-PaULI
|b gre
|e AACR2
|
| 082 |
0 |
0 |
|a 801.95
|2 23
|
| 100 |
1 |
|
|a Hamilton, Paul
|c
|9 176823
|e συγγραφέας.
|
| 245 |
1 |
0 |
|a Historicism /
|c Paul Hamilton.
|
| 250 |
|
|
|a 2nd ed.
|
| 260 |
|
|
|a London ;
|a New York :
|b Routledge,
|c 2003.
|
| 300 |
|
|
|a vi, 211 σ. ;
|c 20 εκ.
|
| 490 |
1 |
|
|a The new critical idiom
|
| 504 |
|
|
|a Περιλαμβάνει βιβλιογραφικές παραπομπές και ευρετήριο.
|
| 650 |
|
4 |
|a Κριτική
|9 3942
|
| 830 |
|
0 |
|a The new critical idiom
|9 156429
|
| 942 |
|
|
|2 ddc
|c BKN
|
| 998 |
|
|
|c ΜΠΟΥΡΑΣ
|d 2019-07
|